Purpurová noc. Kniha třetí, Světlý král /
Třetí román z fantasy řady, zasazené do blízké budoucnosti, v níž se Česko stává magickou velmocí.
Uloženo v:
| Série: | Purpurová noc,
část 3 |
|---|---|
| Hlavní autor: | |
| Médium: | E-kniha |
| Jazyk: | Czech |
| Vydáno: |
Praha :
Brokilon,
2020
|
| Vydání: | Vydání první |
| Edice: | Brokilon alternativa
|
| Témata: | |
| Příbuzné jednotky: | Z cyklu::
Purpurová noc |
| Tagy: |
Žádné tagy |
| LEADER | 02637nam a2200433 i 4500 | ||
|---|---|---|---|
| 001 | 311162 | ||
| 003 | CZ PrSKC | ||
| 005 | 20260601215700.0 | ||
| 007 | ta | ||
| 008 | 200930s2020 xr g 000 f cze | ||
| 015 | |a cnb003256291 | ||
| 020 | |a 9788074564864 |q (brožováno) : |c Kč 298,00 | ||
| 035 | |a (OCoLC)1240907881 | ||
| 040 | |a ABG001 |b cze |d ABA001 |e rda | ||
| 072 | 7 | |a 821.162.3-3 |x Česká próza |2 Konspekt | |
| 080 | |a 821.162.3-31 |2 MRF | ||
| 080 | |a (0:82-312.9) |2 MRF | ||
| 100 | 1 | |a Francová, Karolina, |d 1974- |7 jn20011210286 |4 aut | |
| 245 | 1 | 0 | |a Purpurová noc. |n Kniha třetí, |p Světlý král / |c Karolina Francová |
| 246 | 3 | 0 | |a Světlý král |
| 250 | |a Vydání první | ||
| 264 | 1 | |a Praha : |b Brokilon, |c 2020 | |
| 300 | |a 284 stran ; |c 22 cm | ||
| 336 | |a text |b txt |2 rdacontent | ||
| 337 | |a bez média |b n |2 rdamedia | ||
| 338 | |a svazek |b nc |2 rdacarrier | ||
| 490 | 1 | |a Brokilon alternativa | |
| 520 | 2 | |a Třetí román z fantasy řady, zasazené do blízké budoucnosti, v níž se Česko stává magickou velmocí. |b Nad českou krajinou již jedenáct dlouhých let krouží draci, v lesích si staví hnízda harpyje, v ulicích loví hydry, gryfové a bazilišci, a životy lidí řídí magická požehnání a prokletí. Z Rudé věže vládne státu pevnou rukou Jan Rener, mladý a progresivní mág, který obstál v mezinárodním válečném konfliktu a ochránil zemi i před samotným Tisíciletým démonem. Zdá se, že všechna nebezpečí jsou konečně zažehnána a před Českem se zaslouženě otevírá zářná budoucnost světové velmoci. A přece stačí malá chyba a na jediný zdroj magie na světě si náhle dělá nárok i někdo jiný, mnohem silnější, zkušenější a nelítostnější, než kdy byl Jan Rener. Přichází prastarý mág... a jemu v patách kráčí nepřítel ještě hrozivější. Nakladatelská anotace. | |
| 655 | 7 | |a české romány |7 fd133974 |2 czenas | |
| 655 | 7 | |a fantasy romány |7 fd184199 |2 czenas | |
| 655 | 9 | |a Czech fiction |2 eczenas | |
| 655 | 9 | |a fantasy novels |2 eczenas | |
| 787 | 0 | 8 | |i Z cyklu: |t Purpurová noc |g 3 |
| 830 | 0 | |a Brokilon alternativa | |
| 900 | |a ABA001 |b 21 | ||
| 044 | |a xr | ||
| 910 | |a RBIT002 | ||
| 998 | |d 205615 |a https://core.palmknihy.cz/api/books/205615/cover?sheabs |b https://core.palmknihy.cz/api/books/205615/cover/400?sheabs |c https://core.palmknihy.cz/api/books/205615/cover/50?sheabs |e |g 284 |i 9788074564864 |j https://core.palmknihy.cz/api/books/205615/preview.epub |k https://core.palmknihy.cz/api/books/205615/preview.pdf |l |q 49 |r 1 |s https://www.palmknihy.cz/kniha/205615 |t ebook |y 2020 |z 0 |v Purpurová noc |w 3 | ||
| 999 | |d 311160 | ||